<?xml version="1.0" encoding="UTF-8"?>
<record
    xmlns:xsi="http://www.w3.org/2001/XMLSchema-instance"
    xsi:schemaLocation="http://www.loc.gov/MARC21/slim http://www.loc.gov/standards/marcxml/schema/MARC21slim.xsd"
    xmlns="http://www.loc.gov/MARC21/slim">

  <leader>01132nam a22002777a 4500</leader>
  <datafield tag="999" ind1=" " ind2=" ">
    <subfield code="c">120559</subfield>
    <subfield code="d">120559</subfield>
  </datafield>
  <controlfield tag="003">dpl</controlfield>
  <controlfield tag="005">20181121150736.0</controlfield>
  <controlfield tag="008">181121b           ||||| |||| 00| 0 eng d</controlfield>
  <datafield tag="010" ind1=" " ind2=" ">
    <subfield code="a">B-240345</subfield>
  </datafield>
  <datafield tag="020" ind1=" " ind2=" ">
    <subfield code="c">200.00</subfield>
    <subfield code="a">8188013159</subfield>
  </datafield>
  <datafield tag="035" ind1=" " ind2=" ">
    <subfield code="a">B-240345</subfield>
  </datafield>
  <datafield tag="037" ind1=" " ind2=" ">
    <subfield code="b">BPPD/PUB</subfield>
  </datafield>
  <datafield tag="040" ind1=" " ind2=" ">
    <subfield code="a">DPL</subfield>
    <subfield code="b">HN</subfield>
    <subfield code="c">0</subfield>
  </datafield>
  <datafield tag="082" ind1=" " ind2=" ">
    <subfield code="a">640</subfield>
    <subfield code="b">&#x936;&#x930;&#x94D;&#x92E;&#x93E;&#x938;&#x941; </subfield>
  </datafield>
  <datafield tag="100" ind1=" " ind2=" ">
    <subfield code="a">&#x936;&#x930;&#x94D;&#x92E;&#x93E;, &#x938;&#x941;&#x92E;&#x928; </subfield>
    <subfield code="9">91256</subfield>
  </datafield>
  <datafield tag="245" ind1=" " ind2=" ">
    <subfield code="a">&#x917;&#x943;&#x939;- &#x935;&#x94D;&#x92F;&#x935;&#x938;&#x94D;&#x925;&#x93E; /</subfield>
    <subfield code="c">&#x938;&#x941;&#x92E;&#x928; &#x936;&#x930;&#x94D;&#x92E;&#x93E; </subfield>
  </datafield>
  <datafield tag="246" ind1=" " ind2=" ">
    <subfield code="a">Grih vyavastha /</subfield>
    <subfield code="b">by Suman Sharma </subfield>
  </datafield>
  <datafield tag="260" ind1=" " ind2=" ">
    <subfield code="a"> &#x926;&#x93F;&#x932;&#x94D;&#x932;&#x940; </subfield>
    <subfield code="b">&#x915;&#x941;&#x928;&#x93E;&#x932; &#x92A;&#x94D;&#x930;&#x915;&#x93E;&#x936;&#x928; </subfield>
    <subfield code="c">2006 </subfield>
  </datafield>
  <datafield tag="270" ind1=" " ind2=" ">
    <subfield code="b">&#x926;&#x93F;&#x932;&#x94D;&#x932;&#x940; </subfield>
    <subfield code="a">&#x90F;&#x932;-&#x96A;&#x96C; &#x917;&#x932;&#x940; &#x928;. 5 &#x936;&#x93F;&#x935;&#x93E;&#x91C;&#x940; &#x92E;&#x93E;&#x930;&#x94D;&#x917;, &#x915;&#x930;&#x924;&#x93E;&#x930; &#x928;&#x917;&#x930; </subfield>
    <subfield code="e">110053 </subfield>
  </datafield>
  <datafield tag="300" ind1=" " ind2=" ">
    <subfield code="a">192&#x92A;&#x943;.</subfield>
    <subfield code="c">21&#x938;&#x947;&#x92E;&#x940;(&#x938;&#x91C;&#x93F;&#x932;&#x94D;&#x926; ) </subfield>
  </datafield>
  <datafield tag="650" ind1=" " ind2=" ">
    <subfield code="a">&#x917;&#x943;&#x939;- &#x935;&#x94D;&#x92F;&#x935;&#x938;&#x94D;&#x925;&#x93E;</subfield>
    <subfield code="x"> </subfield>
    <subfield code="z"> </subfield>
    <subfield code="9">52</subfield>
  </datafield>
  <datafield tag="650" ind1=" " ind2=" ">
    <subfield code="a">&#x917;&#x943;&#x939;- &#x935;&#x94D;&#x92F;&#x935;&#x938;&#x94D;&#x925;&#x93E;--&#x92A;&#x93E;&#x930;&#x93F;&#x935;&#x93E;&#x930;&#x93F;&#x915; &#x906;&#x92F; </subfield>
    <subfield code="9">91257</subfield>
  </datafield>
  <datafield tag="650" ind1=" " ind2=" ">
    <subfield code="a">House kepping</subfield>
    <subfield code="9">91258</subfield>
  </datafield>
  <datafield tag="650" ind1=" " ind2=" ">
    <subfield code="a">Home-law - Family income</subfield>
    <subfield code="9">91259</subfield>
  </datafield>
  <datafield tag="942" ind1=" " ind2=" ">
    <subfield code="2">ddc</subfield>
    <subfield code="c">HN</subfield>
    <subfield code="h">640</subfield>
    <subfield code="m">&#x936;&#x930;&#x94D;&#x92E;&#x93E;&#x938;&#x941; </subfield>
  </datafield>
  <datafield tag="952" ind1=" " ind2=" ">
    <subfield code="0">0</subfield>
    <subfield code="1">0</subfield>
    <subfield code="4">0</subfield>
    <subfield code="7">0</subfield>
    <subfield code="a">L</subfield>
    <subfield code="b">L</subfield>
    <subfield code="d">2015-09-23</subfield>
    <subfield code="e">Cen Lib/Ref</subfield>
    <subfield code="g">200.00</subfield>
    <subfield code="l">0</subfield>
    <subfield code="o">640 &#x936;&#x930;&#x94D;&#x92E;&#x93E;&#x938;&#x941;</subfield>
    <subfield code="p">B-240341</subfield>
    <subfield code="r">2015-09-23 00:00:00</subfield>
    <subfield code="t">1</subfield>
    <subfield code="v">200.00</subfield>
    <subfield code="w">2015-09-23</subfield>
    <subfield code="y">HN</subfield>
  </datafield>
  <datafield tag="952" ind1=" " ind2=" ">
    <subfield code="0">0</subfield>
    <subfield code="1">0</subfield>
    <subfield code="2">ddc</subfield>
    <subfield code="4">0</subfield>
    <subfield code="7">0</subfield>
    <subfield code="8">NFIC</subfield>
    <subfield code="a">BL4</subfield>
    <subfield code="b">BL4</subfield>
    <subfield code="d">2018-11-21</subfield>
    <subfield code="e">BPPD/PUB</subfield>
    <subfield code="g">200.00</subfield>
    <subfield code="l">0</subfield>
    <subfield code="o">640 &#x936;&#x930;&#x94D;&#x92E;&#x93E;&#x938;&#x941;</subfield>
    <subfield code="p">B-240345</subfield>
    <subfield code="r">2018-11-21 00:00:00</subfield>
    <subfield code="v">200.00</subfield>
    <subfield code="w">2018-11-21</subfield>
    <subfield code="y">HN</subfield>
  </datafield>
</record>
